| 000 | 00484nam a22001577a 4500 | ||
|---|---|---|---|
| 005 | 20180807130350.0 | ||
| 020 |
_a8171416233 _c275.00 |
||
| 035 | _aB-92645, B-092652 | ||
| 037 |
_aDPL _bENG |
||
| 100 | _aTripathy, S.N. | ||
| 245 |
_aGirl child in India / _cby S.N. Tripathy and Premananda Pradhan |
||
| 260 |
_aNew Delhi _bDiscovery Publishing House _c2003 |
||
| 300 |
_a124p. _c20 cms. |
||
| 700 |
_aPradhan, Premananda _945171 |
||
| 942 |
_2ddc _cEN _h305.230954 _mTRI |
||
| 999 |
_c65057 _d65057 |
||